|
|
|
|
| LEADER |
00000nam0a2200000 4500 |
| 001 |
313454 |
| 005 |
20231102002601.0 |
| 035 |
|
|
|a (RuTPU)RU\TPU\book\338838
|
| 090 |
|
|
|a 313454
|
| 100 |
|
|
|a 20160126d1963 k y0rusy50 ca
|
| 101 |
0 |
|
|a rus
|
| 102 |
|
|
|a RU
|
| 105 |
|
|
|a a z 000zy
|
| 200 |
1 |
|
|a Итоги эксплуатации релейной защиты и автоматики в энергосистемах СССС за 1961 г.
|f В. Н. Комиссаров, М. И. Царев, М. М. Шингарев
|g Всесоюзный научно-исследовательский институт электроэнергетики (ВНИИЭ)
|
| 210 |
|
|
|a Москва
|a Ленинград
|c Госэнергоиздат
|d 1963
|
| 215 |
|
|
|a 47 с.
|c ил.
|
| 225 |
1 |
|
|a Информационные материалы
|v № 69
|
| 606 |
1 |
|
|a Релейная защита в целом
|2 stltpush
|3 (RuTPU)RU\TPU\subj\24926
|9 49192
|
| 610 |
1 |
|
|a энергосистемы
|
| 610 |
1 |
|
|a автоматика
|
| 610 |
1 |
|
|a автоматические устройства
|
| 610 |
1 |
|
|a оснащенность
|
| 610 |
1 |
|
|a СССР
|
| 610 |
1 |
|
|a информационные материалы
|
| 675 |
|
|
|a 621.316.925.1
|v 4
|
| 700 |
|
1 |
|a Комиссаров
|b В. Н.
|
| 701 |
|
1 |
|a Царев
|b М. И.
|
| 701 |
|
1 |
|a Шингарев
|b М. М.
|
| 712 |
0 |
2 |
|a Всесоюзный научно-исследовательский институт электроэнергетики (ВНИИЭ)
|2 stltpush
|3 (RuTPU)RU\TPU\col\11260
|
| 801 |
|
1 |
|a RU
|b 63413507
|c 20160126
|
| 801 |
|
2 |
|a RU
|b 63413507
|c 20200909
|g RCR
|
| 942 |
|
|
|c BK
|